Derecho penal (Record no. 37729)

MARC details
000 -LEADER
campo de control de longitud fija 00692nam a2200181 i 4500
001 - NÚMERO DE CONTROL
campo de control 37729
003 - IDENTIFICADOR DE NÚMERO DE CONTROL
campo de control ES-MaACL
007 - CAMPO FIJO DE DESCRIPCIÓN FÍSICA--INFORMACIÓN GENERAL
campo de control de longitud fija t|
008 - DATOS DE LONGITUD FIJA--INFORMACIÓN GENERAL
campo de control de longitud fija 030221s1985 sp ||||1| spa d
020 ## - NÚMERO INTERNACIONAL ESTÁNDAR DEL LIBRO
Número Internacional Estándar del Libro 84-7016-311-6
100 1# - ENTRADA PRINCIPAL--NOMBRE DE PERSONA
Nombre de persona Caballero Gea, José-Alfredo.
9 (RLIN) 33107
245 10 - MENCIÓN DEL TÍTULO
Título Derecho penal
Resto del título : problemática judicial : síntesis y ordenación de las sentencias dictadas en apelación por las Audiencias Provinciales, doctrinas de la Fiscalía General del Estado... /
Mención de responsabilidad, etc. por José-Alfredo Caballero Gea.
260 ## - PUBLICACIÓN, DISTRIBUCIÓN, ETC.
Lugar de publicación, distribución, etc. Pamplona :
Nombre del editor, distribuidor, etc. Aranzadi,
Fecha de publicación, distribución, etc. 1985.
300 ## - DESCRIPCIÓN FÍSICA
Extensión 1519 p. ;
Dimensiones 24 cm.
500 ## - NOTA GENERAL
Nota general Ap. de actualización : p. 1301-1519.
500 ## - NOTA GENERAL
Nota general Indices.
852 ## - LOCALIZACIÓN
Ubicación ES-MaACL
Número de control de estantería L-8785
Sublocalización o colección R.110605
Holdings
Estatus retirado Estado de pérdida Estado de daño No para préstamo Biblioteca de origen Biblioteca actual Ubicación en estantería Fecha de adquisición Fuente de adquisición Total de préstamos Signatura topográfica completa Código de barras Visto por última vez Precio de reemplazo Tipo de ítem Koha
        Biblioteca del Ateneo de Madrid Biblioteca del Ateneo de Madrid Depósito 2 17/01/2008     L-8785 1039718 23/02/2023 23/02/2023 Libro impreso